First 30 Names mentioned in Harry Potter Goblet of Fire - Statistics

General Stats
  • This quiz has been taken 458 times
    445 since last reset
  • The average score is 24 of 30
Answer Stats
Hint Answer % Correct
Formally known as Scabbers Wormtail
96%
Works with Dragons Charlie
95%
Bulgarian Seeker Viktor Krum
94%
Works for Gringotts Bill
92%
Winky's Master Mr Crouch
91%
Harry Potter
90%
Ron Weasley
90%
Fred
89%
George
89%
Hermione Granger
89%
Mr Weasley
88%
Ginny
87%
Mrs Weasley
87%
Lord Voldermort
80%
Gambling man Ludo Bagman
80%
Percy
80%
Aunt Petunia
79%
Cedric
79%
Dudley
79%
Uncle Vernon
79%
Dumbledore
78%
Caretaker Frank Bryce
76%
Amos
75%
Hagrid
71%
Missing From the Ministry Bertha jorkins
64%
Sirius
64%
Seamus Finnigan
60%
Dean Thomas
57%
Mr Roberts Mr Roberts
55%
Wizard wearing a lady's flowery nightgown Archie
41%
No matching quizzes found
Score Distribution
Percent of People with Each Score
Percentile by Number Answered
Your Score History
You have not taken this quiz since the last reset